Sociology (Record no. 348207)
[ view plain ]
| 000 -LEADER | |
|---|---|
| fixed length control field | 00341 a2200145 4500 |
| 082 ## - DEWEY DECIMAL CLASSIFICATION NUMBER | |
| Classification number | 301 |
| 090 ## - LOCALLY ASSIGNED LC-TYPE CALL NUMBER (OCLC); LOCAL CALL NUMBER (RLIN) | |
| -- | 5808 |
| -- | 5808 |
| 100 ## - MAIN ENTRY--PERSONAL NAME | |
| Personal name | Haralambos |
| 245 ## - TITLE STATEMENT | |
| Title | Sociology |
| Remainder of title | Themes and Perspectives |
| Statement of responsibility, etc. | Haralambos |
| 250 ## - EDITION STATEMENT | |
| Edition statement | 5th |
| 260 ## - PUBLICATION, DISTRIBUTION, ETC. | |
| Place of publication, distribution, etc. | Lahore |
| Name of publisher, distributor, etc. | Farhan Raza Printers |
| 300 ## - PHYSICAL DESCRIPTION | |
| Extent | 1116p |
| 500 ## - GENERAL NOTE | |
| General note | Hard cover |
| 942 ## - ADDED ENTRY ELEMENTS (KOHA) | |
| Institution code [OBSOLETE] | NBS |
| Koha item type | Book |
| Call number prefix | 301 HAR |
| Withdrawn status | Lost status | Damaged status | Not for loan | Permanent Location | Current Location | Date acquired | Total Checkouts | Full call number | Barcode | Date last seen | Date last checked out | Price effective from | Koha item type |
|---|---|---|---|---|---|---|---|---|---|---|---|---|---|
| Damaged | Central Library (CL) | Central Library (CL) | 08/28/2013 | 2 | 301 HAR | NBSD-1168 | 09/01/2016 | 09/01/2016 | 08/28/2013 | Book | |||
| Central Library (CL) | Central Library (CL) | 08/28/2013 | 1 | 301 HAR | NBSD-1169 | 05/20/2015 | 05/20/2015 | 08/28/2013 | Book |
